| 000 | 02526nas a2200277Ia 4500 | ||
|---|---|---|---|
| 001 | R050-R1007 | ||
| 003 | IT-CnALBA | ||
| 008 | 170116c99999999xx |||||||||||| ||und|| | ||
| 040 |
_aIT-CnALBA _cIT-CnALBA |
||
| 041 | _aPOLIGLOTTA | ||
| 100 | _aCREMASCOLI GIUSEPPE | ||
| 210 | _aAEVUM | ||
| 222 | _aAEVUM | ||
| 245 | 0 | _aAEVUM. RASSEGNA DI SCIENZE STORICHE, LINGUISTICHE E FILOLOGICHE. N. I-VI. XL. 1966. | |
| 250 | _a1a ed. | ||
| 260 |
_aMILANO _bVITA E PENSIERO. SOCIETÀ EDITRICE _c1966 |
||
| 300 | _a593 p. | ||
| 310 | _aBIMESTRALE | ||
| 362 | _aFascicolo: 1-6 / Anno: 40 (1966) | ||
| 500 | _aSOMMARIO ANNATA 1966. ARTICOLI MISCELLANEA RECENSIONI SCHEDE BIBLIOGRAFICHE ELENCO LIBRI RICEVUTI. ASTRONOMIA DI GIORGIO DI PISIDIA. APOFONIA NEL MICENEO. CONCEZIONE DEL DISCEPOLO IN EPITETO. CRITICA LETTERARIA SU MICHELANGELO. CASSOLA E BASSANI. NOTA ENNIANA. PROPERZIO IN CLAUDIANO. SULLA DISCIPLINA ROMANA. SOLILOQUI DI AGOSTINO E LIBRO PRIMO DELLE TUSCULANE. NUOVA STORIA DELLA LETTERATURA ITALIANA. OPERA DI UGO BETTI. PERGAMENA DEGLI UMILIATI DI CREMONA. ITINERARIO DI CESARE PAVESE. ASTI AI TEMPI DELLA RIVOLUZIONE E DELL'IMPERO. CORRISPONDENZA DELL'ABATE EUSEBIO RENAUDOT CON MONSIGNORE GUIDO PASSIONEI E CON L'ABATE DOMENICO PASSIONEI 1708 1709. STUDI SU LUISA BANTIAUTORI: BIANCHI G. BRAMBILLASCA G. CERUTTI L. M. CASARI L. ACERBI M. T. BO ZZOLI A. ALFONSI L. PASQUALETTI O. AVALLONE R. GIRARDI E. TONDO M. ALAVAR M. GUERINI L. TATEO F. | ||
| 501 | _aSocietà San Paolo EM - Piazza San Paolo, 14 - 12051 ALBA (CN) (non commercial uses only) ® Copyright 2017 | ||
| 520 | _aSOMMARIO ANNATA 1966. ARTICOLI MISCELLANEA RECENSIONI SCHEDE BIBLIOGRAFICHE ELENCO LIBRI RICEVUTI. ASTRONOMIA DI GIORGIO DI PISIDIA. APOFONIA NEL MICENEO. CONCEZIONE DEL DISCEPOLO IN EPITETO. CRITICA LETTERARIA SU MICHELANGELO. CASSOLA E BASSANI. NOTA ENNIANA. PROPERZIO IN CLAUDIANO. SULLA DISCIPLINA ROMANA. SOLILOQUI DI AGOSTINO E LIBRO PRIMO DELLE TUSCULANE. NUOVA STORIA DELLA LETTERATURA ITALIANA. OPERA DI UGO BETTI. PERGAMENA DEGLI UMILIATI DI CREMONA. ITINERARIO DI CESARE PAVESE. ASTI AI TEMPI DELLA RIVOLUZIONE E DELL'IMPERO. CORRISPONDENZA DELL'ABATE EUSEBIO RENAUDOT CON MONSIGNORE GUIDO PASSIONEI E CON L'ABATE DOMENICO PASSIONEI 1708 1709. STUDI SU LUISA BANTIAUTORI: BIANCHI G. BRAMBILLASCA G. CERUTTI L. M. CASARI L. ACERBI M. T. BO ZZOLI A. ALFONSI L. PASQUALETTI O. AVALLONE R. GIRARDI E. TONDO M. ALAVAR M. GUERINI L. TATEO F. | ||
| 650 | _aSTORIA - LINGUISTICA - FILOLOGIA | ||
| 942 | _cCR | ||
| 957 | _71 | ||
| 999 |
_a10984 _bNO _g1 _c319463 _d319463 |
||